Films Français en Images - Statistiques

Statistiques générales
  • Ce quiz a été pris 1 282 fois
    1 227 depuis la dernière actualisation
  • Le résultat moyen est 13 sur 20
Statistiques - réponses
Par images Réponse % Correct
Le Dîner de cons
88%
Astérix et Obélix
87%
La Guerre des boutons
84%
Intouchables
82%
L'Élève Ducobu
81%
Les Tuches
79%
Le Prénom
76%
Un p'tit truc en plus
75%
Babysitting
72%
La Haine
70%
Bienvenue chez les Ch'tis
69%
La Tour Montparnasse infernale
63%
BAC Nord
62%
Les Trois Frères
55%
Five
54%
La Vie scolaire
48%
Les Petits Mouchoirs
42%
Case Départ
39%
Le Chant du loup
33%
Le Crocodile du Botswanga
26%
Aucun quiz correspondant
Distribution des résultats
% des personnes avec chaque résultat
Percentile par nombre de réponses
Votre historique - résultats
Vous n’avez pas pris ce quiz depuis la dernière actualisation